Datum a čas kvízu
25.5
Celkem bodů
Celkový počet nahraných bodů na tomto kvízu bez doplňovacích otázek.
2.
Pořadí na kvízu
Konečné umístění týmu na tomto kvízu.
Zaznamenané odpovědi
| # | Otázka | Odpověď | Body | Výsledky |
|---|---|---|---|---|
| 1. | Jak se nazývá politické hnutí,... | 0 | ||
| 2. | Donald Trump přivítal v Bílém... | 1 | ||
| 3. | Fotka, která v úterý večer zís... | 1 | ||
| 4. | Jak bylo minulý týden oznámeno... | 0 | ||
| 5. | Přiřaďte účastnice právě probí... | 0 | ||
| 6. | Zvíře jménem Benjamin v Orwell... | 0 | ||
| 7. | Tato kniha Jacka Londona navaz... | 1 | ||
| 8. | Příběhy medvídka Pú pochází z... | 1 | ||
| 9. | O Knize džunglí jsme se v kvíz... | 1 | ||
| 10. | Lev, čarodějnice a skříň není... | 1 |